Homological algebra /

Guardado en:
Autor Principal: Cartan, Henri Paul, 1904-
Otros Autores: Eilenberg, Samuel.
Formato: Libro
Idioma:English
Publicado: Princeton, N.J. : Princeton University Press, 1999.
Series:Princeton landmarks in mathematics
Etiquetas: Agregar Etiqueta
Sin Etiquetas, Sea el primero en etiquetar este registro!
LEADER 00706nam a22002055a 4500
001 MAT.inmabb006893
008 150928s1999####nju###########001#0#eng#d
005 20150928170815.0
245 1 0 |a Homological algebra /  |c by Henri Cartan and Samuel Eilenberg. 
260 |a Princeton, N.J. :  |b Princeton University Press,  |c 1999. 
300 |a xv, 390 p. ;  |c 23 cm. 
490 1 |a Princeton landmarks in mathematics 
500 |a Reimpresión del texto publicado en 1956. 
510 4 |a MR,  |c 17,1040e 
020 |a 0691049912 (pbk.) 
100 1 |a Cartan, Henri Paul,  |d 1904- 
700 1 |a Eilenberg, Samuel. 
830 0 |a Princeton landmarks in mathematics 
084 |a 18Gxx  |2 msc2000 
859 |h 18  |i C322-2  |p A-8755  |b BIB. MATEMATICA